000 00622nam a2200205Ia 4500
005 20250508165654.0
008 008 250505s9999 xx 000 0 eng d
037 _aPeriodicals
040 _aFEDL
_beng
_cFEDL
041 _aeng
_2eng
084 _a530, MIT
_qFEDL
100 _aMittal R.S
_9781572
245 0 _aLaboratory manual in physics : including viva voces Part-II a complete practical book class- xii
260 _aNew Delhi, India
_bArya Book Depot
_c2002
300 _axiii,314p.
365 _aINR
_b85
700 _a Singal S.
_9781573
942 _cCR
_h530, MIT
999 _c1396661
_d1396661